Media’s Role in Fostering Democratic Governance in Post-Colonial States: A Comparative Study of Pakistan and India/ (Record no. 614816)

000 -LEADER
fixed length control field 00562nam a22001577a 4500
003 - CONTROL NUMBER IDENTIFIER
control field NUST
038 ## - RECORD CONTENT LICENSOR
Staff Name Nusrat Nadeem
082 ## - DEWEY DECIMAL CLASSIFICATION NUMBER
Classification number 200
100 ## - MAIN ENTRY--PERSONAL NAME
Personal name Niazi, Shahmir
245 ## - TITLE STATEMENT
Title Media’s Role in Fostering Democratic Governance in Post-Colonial States: A Comparative Study of Pakistan and India/
Statement of responsibility, etc. Shahmir Niazi,
264 ## - PRODUCTION, PUBLICATION, DISTRIBUTION, MANUFACTURE, AND COPYRIGHT NOTICE
Place of production, publication, distribution, manufacture Islamabad:
Name of producer, publisher, distributor, manufacturer S3H NUST.
Date of production, publication, distribution, manufacture, or copyright notice 2025.
650 ## - SUBJECT ADDED ENTRY--TOPICAL TERM
Topical term or geographic name entry element Supervisor: Dr. Sanaullah Khan
700 ## - ADDED ENTRY--PERSONAL NAME
Personal name Supervisor: Dr. Sanaullah Khan
856 ## - ELECTRONIC LOCATION AND ACCESS
Uniform Resource Identifier <a href="http://10.250.8.41:8080/xmlui/handle/123456789/54864">http://10.250.8.41:8080/xmlui/handle/123456789/54864</a>
942 ## - ADDED ENTRY ELEMENTS (KOHA)
Source of classification or shelving scheme
Koha item type Soft Copy
Holdings
Withdrawn status Permanent Location Current Location Shelving location Date acquired Full call number Barcode Koha item type
  Central Library (CL) Central Library (CL) Thesis 09/23/2025 200 CL-T-7636 Soft Copy
© 2023 Central Library, National University of Sciences and Technology. All Rights Reserved.